| 000 | 00559nam a2200181 i 4500 | ||
|---|---|---|---|
| 001 | 102601 | ||
| 003 | ES-MaACL | ||
| 005 | 20240426063030.0 | ||
| 007 | t| | ||
| 008 | 051122s1973 pr ||||1| spa d | ||
| 080 | _a821.134.2(729.5)-14"19" | ||
| 100 | 0 |
_aMatos Paoli, Francisco, _d1915-2000 _979096 |
|
| 245 | 1 | 0 |
_aVariaciones del mar _b: poemas / _cFrancisco Matos Paoli. |
| 260 |
_aSan Juan, Puerto Rico : _bJuan Ponce de León, _c1973. |
||
| 300 |
_a310 p. ; _c21 cm. |
||
| 852 |
_aES-MaACL _jE-11100 _bR.136795 |
||
| 999 |
_c102601 _d102601 |
||